Birds of Morocco Quiz - Statistics

General Stats
  • This quiz has been taken 15 times
  • The average score is 10 of 16
Answer Stats
Picture Answer % Correct
Egyptian Vulture
100%
Bald Ibis
78%
Pied Avocet
78%
Ringed Plover
78%
Sandgrouse
78%
Snipe
78%
Water Rail
78%
Goldcrest
67%
Little Grebe
67%
Stock Dove
67%
Grey Plover
56%
Rosy Starling
56%
Namaqua Dove
44%
Pied Crow
44%
Western Swamphen
44%
Red-Footed Falcon
22%
No matching quizzes found
Score Distribution
Percent of People with Each Score
Percentile by Number Answered
Your Score History
You have not taken this quiz